Raziye (Record no. 2286)
[ view plain ]
| 000 -LEADER | |
|---|---|
| fixed length control field | 00466nam a22001577a 4500 |
| 008 - FIXED-LENGTH DATA ELEMENTS--GENERAL INFORMATION | |
| fixed length control field | 180706b xxu||||| |||| 00| 1 tur d |
| 041 ## - LANGUAGE CODE | |
| Language code of text/sound track or separate title | Türkçe |
| 050 ## - LIBRARY OF CONGRESS CALL NUMBER | |
| Classification number | PL248.A55 |
| 100 ## - MAIN ENTRY--PERSONAL NAME | |
| Personal name | Anday, Melih Cevdet |
| 9 (RLIN) | 229 |
| 245 ## - TITLE STATEMENT | |
| Title | Raziye |
| 250 ## - EDITION STATEMENT | |
| Edition statement | Adam Yayınları'nda 2.Basım |
| 260 ## - PUBLICATION, DISTRIBUTION, ETC. | |
| Place of publication, distribution, etc. | İstanbul |
| Name of publisher, distributor, etc. | Adam Yayınları |
| Date of publication, distribution, etc. | Mayıs 1992 |
| 500 ## - GENERAL NOTE | |
| General note | 1.Basım : 1975 Adam Yayınları'nda 1.Basım : Şubat 1990 |
| 650 #0 - SUBJECT ADDED ENTRY--TOPICAL TERM | |
| 9 (RLIN) | 145 |
| Topical term or geographic name entry element | Türk Edebiyatı |
| 942 ## - ADDED ENTRY ELEMENTS (KOHA) | |
| Source of classification or shelving scheme | |
| Koha item type | Books |
| Withdrawn status | Lost status | Source of classification or shelving scheme | Damaged status | Not for loan | Permanent Location | Current Location | Shelving location | Date acquired | Full call number | Barcode | Date last seen | Price effective from | Koha item type |
|---|---|---|---|---|---|---|---|---|---|---|---|---|---|
| Ödünç verilemez | İmren Ahmet Tüzün Kütüphanesi | İmren Ahmet Tüzün Kütüphanesi | Ahmet Tüzün | 2018-07-06 | PL248.A55 | 100100002249 | 2018-07-06 | 2018-07-06 | Books |
